| 000 | 00598nam a2200181 a 4500 | ||
|---|---|---|---|
| 005 | 20240830063848.0 | ||
| 008 | 030311s1998 es r 000 0 spa d | ||
| 020 | _a8488295294 | ||
| 035 | _aUPN01000122777 | ||
| 049 | _aCG | ||
| 050 | 4 |
_aLB1607 _bA6.7 |
|
| 245 | 0 | 0 |
_aAprender para el futuro : _bla educación secundaria, pivote del sistema educativo / _cRicardo Díez Hochleitner ... [et al.]. |
| 260 |
_aMadrid : _bFundacion Santillana, _c[1998]. |
||
| 300 | _a224 p. | ||
| 650 | 7 |
_aEducación secundaria _2 _94281 |
|
| 700 | 1 |
_aDíez-Hochleitner, Ricardo, _d1928- _ecoaut. _941735 |
|
| 905 | _aLibro | ||
| 999 |
_c94960 _d94960 |
||